Tem Journal: Technology, Education, Management, Informatics Journal of the Association for Information Communication Technologies, Education and Science

Gespeichert in:
Bibliographische Detailangaben
Format: Schriftenreihe
Sprache:Englisch
Veröffentlicht: Novi Pazar UIKTEN
Tags: Tag hinzufügen
Keine Tags, Fügen Sie das erste Tag hinzu!

MARC

LEADER 00000nas1a2200000 4500
001 0245588
005 20250627103711.8
022 |a 2217-8309 
022 |a 2217-8333 
041 0 |a eng 
044 |a RS 
245 1 0 |a Tem Journal: Technology, Education, Management, Informatics  |b Journal of the Association for Information Communication Technologies, Education and Science 
264 1 |a Novi Pazar  |b UIKTEN